Тест на общие знания №41 - Statistics

General Stats
  • This quiz has been taken 40 times
  • The average score is 7 of 20
Answer Stats
Вопрос Ответ % Correct
Что является важным ингредиентом паэльи, ризотто и онигири? рис
75%
Какой у вас знак зодиака, если вы родились 22-го декабря? козерог
71%
Что находилось внутри зайца, в чём находилось яйцо, внутри которого была игла с Кощеевой смертью? утка
64%
Как называется наличие у особи множества партнёров? полигамия
54%
Что создаёт таксидермист? чучела животных
50%
Что впервые было испытано в американском штате Нью-Мексико 16-го июля 1945-го года? атомная бомба
50%
Какие два города запрещено посещать людям, не исповедующим ислам? Мекка и Медина
43%
Сколько наносекунд в минуте? 60 миллиардов
43%
Кто сыграл главную роль в дилогии "Убить Билла"? Ума Турман
36%
Какая кошачья порода у Бируса - бога из вселенной "Драконьего жемчуга"? сфинкс
29%
В каком городе пройдут Летние Олимпийские игры 2028-го года? Лос-Анджелес
25%
На логотипе какого бренда изображена сирена с двумя хвостами? Starbucks
25%
Какой роман начинается со слов: "Что ж, мой принц, Генуя и Лукка теперь ни что иное, как владения семьи Бонапартов..."? "Война и мир"
21%
Назовите самый старый университет в Европе Болонский университет
18%
У какого отряда животных в пищеварительной системе есть сычуг и рубец? жвачные
18%
На флаге какого европейского народа изображено колесо дхармы? цыгане
18%
Какой страной правит человек, чей титул - О ле Ао О ле Мало? Самоа
11%
Какой персонаж "просил 400 капель валерьянки, а тут 402..."? Громозека
11%
Что такое Пистолет, Ригель и Антарес? газовые гиганты
11%
Как называется вид биологического взаимодействия, при котором два вида не могут существовать друг без друга? мутуализм
7%
No matching quizzes found
Score Distribution
Percent of People with Each Score
Percentile by Number Answered
Your Score History
You have not taken this quiz